Operation And Mai nterane Of Glatrlcal Gquip Ment Vol 1 (Record no. 620)

MARC details
000 -LEADER
fixed length control field 00247nam a22000977a 4500
041 ## - LANGUAGE CODE
Language code of text/sound track or separate title ENG
100 ## - MAIN ENTRY--PERSONAL NAME
Personal name Rao. B.V
245 ## - TITLE STATEMENT
Title Operation And Mai nterane Of Glatrlcal Gquip Ment Vol 1
260 ## - PUBLICATION, DISTRIBUTION, ETC. (IMPRINT)
Place of publication, distribution, etc Delhi
Name of publisher, distributor, etc Mobia Promoters Lpublisters
Date of publication, distribution, etc 1998
300 ## - PHYSICAL DESCRIPTION
Extent 360
Holdings
Withdrawn status Lost status Source of classification or shelving scheme Damaged status Not for loan Home library Current library Shelving location Date acquired Total Checkouts Barcode Date last seen Price effective from Koha item type
    Dewey Decimal Classification     College of Agricultural Engineering and Technology, Dapoli , Library College of Agricultural Engineering and Technology, Dapoli , Library Book Cart 31/08/2021   001127 31/08/2021 31/08/2021 Books

Contact Us: College of Agricultural Engineering and Technology, Dapoli, Dist.- Ratnagiri
Website: https://dbskkv.org Email: caetlibrary2015@gmail.com